[Event "Satka Autumn op (Women)"]
[Site "Satka"]
[Date "2019.09.23"]
[Round "5"]
[White "Krylova, Mariya"]
[Black "Sogoyan, Milena"]
[Result "1/2-1/2"]
[WhiteElo "1543"]
[BlackElo "1361"]
[PlyCount "86"]
[EventDate "2019.09.19"]
[EventType "swiss"]
[EventRounds "9"]
[EventCountry "RUS"]
[SourceTitle "EXT 2020"]
[Source "ChessBase"]
[SourceDate "2019.10.17"]
[SourceVersion "1"]
[SourceVersionDate "2019.10.17"]
[SourceQuality "1"]

1. e4 c5 2. Ne2 Nc6 3. g3 g6 4. Bg2 Bg7 5. c3 Nf6 6. d4 cxd4 7. cxd4 d6 8. d5 Ne5 9. f4 Ned7 10. 0-0 Qb6+ 11. Qd4 Qxd4+ 12. Nxd4 0-0 13. Rd1 Nc5 14. Nc3 Bg4 15. Rd2 Bd7 16. b4 Na4 17. Nxa4 Bxa4 18. Bb2 Ng4 19. Bh3 Bd7 20. Bxg4 Bxg4 21. Rc1 Rac8 22. Rdc2 Rxc2 23. Rxc2 Rc8 24. Rxc8+ Bxc8 25. Kf2 a6 26. Ke3 Bd7 27. Bc3 Bh3 28. Ne2 Bf1 29. Bxg7 Kxg7 30. Nc3 b5 31. e5 Bc4 32. Kd4 Kf8 33. a4 Ke8 34. a5 Kd7 35. Ne4 h6 36. g4 Be2 37. h3 Bf1 38. Nf2 Bc4 39. f5 dxe5+ 40. Kxe5 f6+ 41. Kd4 g5 42. Kc5 Kc7 43. Ne4 Bf1 1/2-1/2